|
|
|
|
| LEADER |
00000nam0a2200000 4500 |
| 001 |
366011 |
| 005 |
20231102011835.0 |
| 035 |
|
|
|a (RuTPU)RU\TPU\retro\23374
|
| 090 |
|
|
|a 366011
|
| 100 |
|
|
|a 20220127d1977 m y0rusy50 ca
|
| 101 |
0 |
|
|a rus
|
| 102 |
|
|
|a RU
|
| 105 |
|
|
|a a j 001zy
|
| 200 |
1 |
|
|a Зубчатые передачи
|e учебное пособие к расчету и проектированию
|f В. А. Турышев
|g Красноярский государственный университет ; Красноярский политехнический институт
|
| 210 |
|
|
|a Красноярск
|c [Б. и.]
|d 1977
|
| 215 |
|
|
|a 114 с.
|c ил.
|
| 320 |
|
|
|a Библиогр.: с. 111
|
| 320 |
|
|
|a Стандарты: с. 109-110
|
| 606 |
1 |
|
|a Зубчатые передачи
|x Расчет
|2 stltpush
|3 (RuTPU)RU\TPU\subj\12083
|9 38931
|
| 610 |
1 |
|
|a зубья
|
| 610 |
1 |
|
|a повреждения
|
| 610 |
1 |
|
|a работоспособность
|
| 610 |
1 |
|
|a зубчатые пары
|
| 610 |
1 |
|
|a материалы
|
| 610 |
1 |
|
|a геометрические параметры
|
| 610 |
1 |
|
|a передаточные числа
|
| 610 |
1 |
|
|a точность
|
| 610 |
1 |
|
|a расчет на прочность
|
| 610 |
1 |
|
|a допускаемые напряжения
|
| 610 |
1 |
|
|a учебные пособия
|
| 675 |
|
|
|a 621.833.001(075.8)
|v 4
|
| 700 |
|
1 |
|a Турышев
|b В. А.
|g Виталий Андрианович
|
| 712 |
0 |
2 |
|a Красноярский государственный университет
|2 stltpush
|3 (RuTPU)RU\TPU\col\9
|9 23123
|
| 712 |
0 |
2 |
|a Красноярский политехнический институт
|c (1956-1993)
|2 stltpush
|3 (RuTPU)RU\TPU\col\272
|9 23315
|
| 801 |
|
1 |
|a RU
|b 63413507
|c 20220127
|
| 942 |
|
|
|c BK
|